000 00853nam a2200253Ia 4500
003 OSt
005 20220923225419.0
006 a|||||r|||| 00| 0
007 ta
008 220922b |||||||| |||| 00| 0 hin d
024 _a266,967
037 _cTextual
040 _aARTS
_cARTS
_bhin
041 _2hin
_ahin
082 _aR65,6:g, 152M8
100 _aगुप्त, रामचन्द्र
245 0 _aवर्तमान जीवन में गीता का महत्व
246 _aVartamān jīvan mean gītā kā hinatva
260 _aभोपाल
_b पी एस पब्लिकेशन
_c1988
300 _a140पृ.
_ccm.
650 _aभारतीय दर्शन
942 _hR65,6:g, 152M8
_cTEXL
_2CC
999 _c378102
_d378102